Statistics for Spanish Vocab by Category - Verbs 2

Click here to take the quiz!

General Stats

  • This quiz has been taken 559 times
  • The average score is 62 of 121

Answer Stats

HintAnswer% Correct
To cleanLimpiar
85%
To call; To nameLlamar
85%
To swimNadar
85%
To payPagar
84%
To arriveLlegar
82%
To dieMorir
79%
To need, requireNecesitar
79%
To thinkPensar
79%
To be able toPoder
79%
To ask a questionPreguntar
77%
To be (essential, permanent quality)Ser
77%
To haveTener
77%
To seeVer
77%
To rainLlover
76%
To watchMirar
76%
To hearOir
76%
To forgetOlvidar
76%
To preferPreferir
76%
To preparePreparar
76%
To workTrabajar
76%
To liveVivir
76%
To useUsar
75%
To visitVisitar
74%
To losePerder
73%
To leave, go outSalir
73%
To travelViajar
73%
To permit, allowPermitir
72%
To serveServir
72%
To sellVender
71%
To pass/pass on; To spend (time); To happenPasar
70%
To produceProducir
70%
To know (information)Saber
70%
To touch, to play (an instrument)Tocar
70%
To comeVenir
68%
To put, place, set / To put on oneselfPoner / Ponerse
67%
To want, loveQuerer
67%
To repeatRepetir
67%
To feel (emotion, illness)Sentirse
67%
To take, drinkTomar
67%
To break, tear, rip; To break a boneRomper
66%
To carry, bringLlevar
65%
To be bornNacer
64%
To organizeOrganizar
64%
To bring, get, fetch, carryTraer
64%
To flyVolar
64%
To lieMentir
63%
To show, demonstrate, exhibitMostrar
63%
To worry, preoccupy oneself withPreocuparse
63%
To sitSentarse
63%
To laughReírse
62%
To reserveReservar
61%
To cry, mournLlorar
60%
To maintainMantener
60%
To finishTerminar
59%
To return, go back; to do again (+a +inf.) / To turn, go (bad), becomeVolver / Volverse
59%
To request, ask for somethingPedir
58%
To follow, continueSeguir
58%
To utilizeUtilizar
58%
To remember, remindRecordar
57%
To dreamSoñar
57%
To fillLlenar
54%
To introduce, presentPresentar
53%
To move, shift, induceMover
52%
To hateOdiar
52%
To seemParecer
52%
To receive, welcome, greetRecibir
52%
To reply, respondResponder
52%
To jumpSaltar
52%
To translateTraducir
52%
To dry offSecarse
49%
To smileSonreír
49%
To manage; To driveManejar
48%
To weighPesar
48%
To stay, remain, arrange to meet; To agree; To end up; To keep; To fit / To stay putQuedar / Quedarse
48%
To burnQuemar
48%
To try, test, tasteProbar
47%
To coughToser
47%
To offerOfrecer
46%
To stopParar
46%
To reduce, lower, lessenReducir
46%
To fix, repairReparar
45%
To promisePrometer
42%
To respectRespetar
42%
To climb, mount, go up, get on/inSubir
42%
To treat, handleTratar
41%
To mix, blendMezclar
40%
To supposeSuponer
40%
To denyNegar
39%
To complainQuejarse
38%
To rentRentar
38%
To fear, dreadTemer
38%
To fightLuchar
36%
To send; To order (give commands)Mandar
36%
To lendPrestar
33%
To merit, deserveMerecer
32%
To improveMejorar
31%
To occur, happenOcurrir
31%
To take out (ex. trash), stick out (ex. your tongue), kick outSacar
31%
To combPeinar
30%
To recognize, acknowledgeReconocer
30%
To throw away, drop, sqander, fire (a gun)Tirar
29%
To divide, share, break (on purpose)Partir
26%
To take off of oneselfQuitarse
25%
To forgivePerdonar
24%
To overcome / To escape, to saveSalvar / Salvarse
24%
To occur, happenSuceder
24%
To hit, beat; To gluePegar
21%
To swallowTragar
21%
To get, obtain, achieveLograr
20%
To belong to, be a member ofPertenecer
16%
To possessPoseer
16%
To get intoMeterse
12%
To whisperSusurrar
11%
To rejectRechazar
10%
To overcomeSuperar
9%
To succeedTener éxito
7%
To achieve, attain, accomplishRealizar
6%
To turn out (to be)Resultar
6%
To press; To assessPulsar
3%
To break (often with "la ley", "the law")Quebrantar
3%
To resume, restartRetomar
1%

Score Distribution

Percentile by Number Answered

Percent of People with Each Score

Your Score History

You have not taken this quiz